LEADER 01279nam a2200265 i 4500 001 000000167241 003 CaOOAMICUS 005 20071127000000.0 008 071127s1964 it u000 u ita u 013 $a144614 040 $aSeMil$bita 245 10$aFrate Ave Maria, eremita cieco, adoratore della Divina Provvidenza (Don Orione) :$b1900-1964. 246 04$iTitolo in copertina:$aFrate Ave Maria : la luminosa notte di un cieco 250 $a2. ed. 260 $aRoma :$bPiccola Opera della Divina Provvidenza (Don Orione),$c[Imprim. 1964] 300 $a222 p. :$b[1] ritratto, [13] p. di tav. ;$c22 cm. 500 $aFondo Card. Giovanni Colombo. 650 4$aPisano, Cesare .$0(OLS)http://semarc/subject/22340 850 $aSeMil 852 $aSeMil$W1$xVenegono$y1$m3J III 345$j118393$B118393$CSeMilBibl$Z2$F130499 $81 941 1 $a3 961 $aLascito: Colombo Card. Giovanni 996 $6245$aFrate Ave Maria, eremita cieco, adoratore della Divina Provvidenza (Don Orione) :$b1900-1964$9(OLS)http://semarc/title/239188 996 $6246$aFrate Ave Maria : la luminosa notte di un cieco$9(OLS)http://semarc/title/239189 996 $6260$aRoma :$bPiccola Opera della Divina Provvidenza (Don Orione)$9(OLS)http://semarc/publisher/48704 LEADER 01045nam a2200265 i 4500 001 000000085352 003 CaOOAMICUS 005 20180830145957.0 008 180830s1987 xx u000 u und u 013 $a57592 020 $a88-07-10082-7 040 $aSeMil$bita 100 1 $aAyer, Alfred Jules <1910-1989>.$0(OLS)http://semarc/name/26166 245 10$aLinguaggio verità e logica. 260 $aMilano :$bFeltrinelli,$c1987. 300 $a262 p. 650 4$aLogica - Filosofia.$0(OLS)http://semarc/subject/2012 650 4$aVerità.$0(OLS)http://semarc/subject/2559 650 4$aFilosofia del linguaggio.$0(OLS)http://semarc/subject/3184 700 1 $aDe Toni, Gian Antonio.$0(OLS)http://semarc/name/1422 850 $aSeMil 852 $aSeMil$W1$xVenegono$y1$m52 1 8 *$j49380$B49380$CSeMilBibl$Z2$F52951 $81 996 $6020$a88-07-10082-7$9(OLS)http://semarc/number/65725 996 $6245$aLinguaggio verità e logica$9(OLS)http://semarc/title/110830 996 $6260$aMilano :$bFeltrinelli$9(OLS)http://semarc/publisher/30237